Statistics for Europe Map with 8 Extra Borders #5

Click here to take the quiz!

General Stats

  • This quiz has been taken 493 times
    (308 since last reset)
  • The average score is 8 of 8

Answer Stats

Country % Correct
Belgium
99%
Spain
99%
Poland
97%
Russia
97%
Croatia
96%
Germany
96%
North Macedonia
96%
Iceland
93%

Score Distribution

Percentile by Number Answered

Percent of People with Each Score

Your Score History

You have not taken this quiz since the last reset